Normal view
MARC view
Entry Personal Name
001 - CONTROL NUMBER
- control field: 45022
003 - CONTROL NUMBER IDENTIFIER
- control field: ARRUPE
005 - DATE AND TIME OF LATEST TRANSACTION
- control field: 20190306102932.0
008 - FIXED-LENGTH DATA ELEMENTS
- fixed length control field: 190306|| aca||aabn | a|a d
040 ## - CATALOGING SOURCE
- Original cataloging agency: ARRUPE
- Transcribing agency: ARRUPE
100 ## - HEADING--PERSONAL NAME
- Personal name: Atogun, Odafe,
- Relator term: author.
670 ## - SOURCE DATA FOUND
- Source citation: Work cat.: (ARRUPE)0: Atogun, Odafe, author., Wake me when I'm gone /, 2017